000 00778nam a2200301Ia 4500
008 160803s9999 xx 000 0 und d
020 _a9780545283984
100 _aPenn, Audrey
245 _aChester Raccoon and the acorn full of memories /
245 _cby Audrey Penn ; illustrated by Barbara L. Gibson.
260 _aNew York :
260 _bScholastic Inc.
260 _c2009
300 _a1 volume (unpaged) :
300 _bcolor illustrations ;
300 _c25 cm.
650 _aDeath --
650 _aGrief --
650 _aMemory --
650 _aMemory --
650 _aRaccoon --
650 _xFiction.
650 _xFiction.
650 _xFiction.
650 _xJuvenile fiction.
650 _xJuvenile fiction.
700 _a790
999 _c298204
_d298204